000 00513cab a2200193 4500
001 X1840
008 090401t1995 xxu||||| |||| 00| 0 eng d
035 _a(Sirsi) u19836
041 _aeng
245 _aSkills panel update
260 _c1995
350 _a0
490 _aCSM (Chartered Surveyor Monthly)
_v4(3) January 1995, 22-24(3)
650 _aSKILLS PANELS
650 _aSTANDARDS AND PRACTICE
690 _aMANAGEMENT-BUSINESS MANAGEMENT-PROFESSIONAL PRACTICE
942 _n0
948 _c04/03/1997
999 _c13284
_d13284